| 000 | 01219nam0a22002891 4500 | ||
|---|---|---|---|
| 001 | rc\3167060 | ||
| 005 | 20250530091320.0 | ||
| 021 |
_aRU _b[76-75416] |
||
| 035 | _a(NLR Aleph) 007331860 | ||
| 090 |
_a6017904 _c6017904 |
||
| 100 | _a20120615d1976 |||y0rusy50 ca | ||
| 101 | 0 | _arus | |
| 102 | _aRU | ||
| 105 | _aa z ||||| | ||
| 200 | 1 |
_aМожет ли беременная женщина принимать лекарства? _fМ.А. Петров-Маслаков, В.В. Корхов |
|
| 210 |
_aЛенинград _cМедицина. Ленингр. отд-ние _d1976 |
||
| 215 |
_a[1], 33 с. _cил. _d20 |
||
| 225 | 1 | _aНаучно-популярная медицинская литература | |
| 606 |
_aБеременность _xДействие лекарственных веществ, биопрепаратов и ядов _2psbo |
||
| 700 | 1 |
_7ca _8rus _aПетров-Маслаков _bМ. А. _f1896-1976 _gМихаил Андреевич _9241659 _3RU\NLR\AUTH\770241715 |
|
| 701 | 1 |
_aКорхов _bВ. В. _gВсеволод Всеволодович |
|
| 801 | 0 |
_aRU _bNLR _gpsbo |
|
| 801 | 1 |
_aRU _bELAR _2rusmarc |
|
| 852 |
_aNLR _j77-4/4895 |
||
| 942 | _cBOOK | ||
| 980 | _aNB | ||